[Event "Kaupthing Open"]
[Site "Differdange LUX"]
[Date "2007.07.10"]
[Round "5"]
[White "Oud,N"]
[Black "Boyarchenko,A"]
[Result "1/2-1/2"]
[WhiteElo "2058"]
[BlackElo "1952"]

1.d4 d5 2.c4 c6 3.Nf3 Nf6 4.Nc3 e6 5.e3 Bd6 6.b3 Nbd7 7.Bb2 O-O 8.Be2 Qe7
9.O-O dxc4 10.bxc4 e5 11.Qc2 e4 12.Nd2 Re8 13.Rae1 Nf8 14.f3 exf3 15.Bxf3 Ng6
16.e4 Ng4 17.Bxg4 Bxg4 18.Nf3 f6 19.h3 Bxf3 20.Rxf3 c5 21.Nd5 Qd8 22.Qb3 b6
23.Kh1 Rc8 24.Ref1 Rf8 25.e5 Bb8 26.exf6 Qd6 27.g3 Qe6 28.Kg2 gxf6 29.Nxf6+ Kg7
30.dxc5 Be5 31.Nh5+ Kg8 32.cxb6 Rxf3 33.Rxf3 axb6 34.Bxe5 Qxe5 35.Nf6+ Kg7
36.Qd3 Qe6 37.Qd7+ Qxd7 38.Nxd7 Rxc4 39.Nxb6 Rb4 40.Rb3 Rd4 41.Rb2 Ne5 42.a4 Nc6
43.Ra2 Na5 44.h4 Rb4 45.Nd5 Rd4 46.Nf4 Kf7 47.Kf3 Rb4 48.Kg4 Rb3 49.Ne2 Kg6
50.h5+ Kf6 51.Kh4 h6 52.Rd2 Nb7 53.Rd4 Ra3 54.Nf4 Nc5 55.Rd6+ Kg7 56.Rg6+ Kh7
57.Nd5 Rxa4+ 58.Kh3 Ne4 59.Nf6+ Nxf6 60.Rxf6 Kg7 61.Rg6+ Kh7 62.Rf6 Kg7 63.Rf4 Ra5
64.g4 Rb5 65.Kg3 Ra5 66.Kf3 Rb5 67.Re4 Kf6 68.Kf4 Ra5 69.Rc4 Rb5 70.Rc6+ Kg7
71.Re6 Ra5 72.Re5 Ra6 73.g5 hxg5+ 74.Kxg5 Rf6 75.Re7+ Rf7 76.h6+ Kg8 77.Re6 Kh7  1/2-1/2

[Event "Canadian Open"]
[Site "Ottawa CAN"]
[Date "2007.07.10"]
[Round "5"]
[White "Vul,A"]
[Black "Jiang,L"]
[Result "1/2-1/2"]
[WhiteElo "2312"]
[BlackElo "2072"]

1.Nf3 Nf6 2.c4 e6 3.Nc3 d5 4.d4 c6 5.e3 Nbd7 6.Bd3 Be7 7.O-O O-O 8.e4 dxe4
9.Nxe4 Nxe4 10.Bxe4 Nf6 11.Bc2 b6 12.b3 Bb7 13.Bb2 Qc7 14.Qe2 Nd7 15.Rad1 Bf6
16.Ne5 c5 17.Ng4 Qf4 18.Nxf6+ Nxf6 19.dxc5 Qg5 20.f4 Qxc5+ 21.Bd4 Qh5 22.Qxh5 Nxh5
23.g4 Nf6 24.Bxf6 gxf6 25.Rd7 Bc6 26.Rc7 Rfc8 27.Rxc6 Rxc6 28.Be4 Rac8 29.Bxc6 Rxc6
30.Rd1 Rc7 31.Kf2 b5 32.Rc1 Rc5 33.Ke3 e5 34.Kd3 Kf8 35.fxe5 fxe5 36.b4 bxc4+
37.Rxc4 Rxc4 38.Kxc4 f6 39.Kd5 Ke7 40.g5 fxg5 41.Kxe5 g4 42.Kf5 Kd6 43.Kxg4 Kd5
44.Kg5 Kc4 45.h4 Kxb4 46.h5 Ka3 47.Kh6 Kxa2 48.Kxh7 a5 49.Kg6 a4 50.h6 a3
51.h7 Kb1  1/2-1/2

[Event "ch-SWE"]
[Site "Stockholm SWE"]
[Date "2007.07.10"]
[Round "10"]
[White "Akesson,R"]
[Black "Hillarp Persson,T"]
[Result "1/2-1/2"]
[WhiteElo "2478"]
[BlackElo "2552"]

1.d4 d5 2.c4 c6 3.Nc3 Nf6 4.e3 e6 5.Nf3 a6 6.b3 Bb4 7.Bd2 Nbd7 8.Bd3 O-O
9.O-O Qe7 10.Qe1 a5 11.e4 dxc4 12.bxc4 e5 13.d5 Nc5 14.Bc2 Bg4 15.Qe3 Na6  1/2-1/2

[Event "6th IM"]
[Site "Condom FRA"]
[Date "2007.07.11"]
[Round "6"]
[White "Van Elst,A"]
[Black "Tournier,Math"]
[Result "1/2-1/2"]
[WhiteElo "2294"]
[BlackElo "2250"]

1.d4 d5 2.c4 c6 3.Nc3 Nf6 4.e3 e6 5.Nf3 Nbd7 6.Bd3 Bd6 7.e4 dxe4 8.Nxe4 Nxe4
9.Bxe4 Bb4+ 10.Bd2 Bxd2+ 11.Qxd2 O-O 12.O-O Qc7 13.Rfe1 Nf6 14.Bc2 c5 15.dxc5 Qxc5
16.Ne5 Qc7 17.Qg5 h6 18.Qh4 Rd8 19.Rad1 Bd7 20.Nxd7 Rxd7 21.Rxd7 Qxd7 22.Rd1 Qc7
23.Qd4 Rc8 24.b4 Kf8 25.Bb3 b6 26.h3 Ke7 27.Rc1 Rd8 28.Qc3 Qf4  1/2-1/2

[Event "6th Open"]
[Site "La Fere FRA"]
[Date "2007.07.11"]
[Round "6"]
[White "Defrance,L"]
[Black "Belloc,S"]
[Result "1-0"]
[WhiteElo "2178"]
[BlackElo "1794"]

1.d4 d5 2.c4 c6 3.e3 Nf6 4.Nc3 e6 5.Nf3 Be7 6.Be2 O-O 7.O-O b6 8.Ne5 Qc7
9.Qc2 Nbd7 10.Nxd7 Qxd7 11.e4 dxe4 12.Be3 Bb7 13.Rad1 Qc7 14.Nxe4 Nxe4 15.Qxe4 Rad8
16.Bf3 Rfe8 17.a3 a5 18.Rfe1 Rc8 19.Rd2 Ba6 20.c5 Bc4 21.cxb6 Qxb6 22.d5 Qb5
23.dxe6 Bxe6 24.Be2 Qb7 25.Qa4 Ra8 26.Bf3 Rec8 27.h3 Bf6 28.Rc1 Bd7 29.Rdc2 h6
30.Bd4 Bxd4 31.Qxd4 Rab8 32.Be4 Rd8 33.Qc3 Qb6 34.Rd2 Be8 35.Rcc2 Rxd2 36.Rxd2 Rc8
37.Qe5 Rd8 38.Rxd8 Qxd8 39.Kh2 Qd2  1-0

[Event "Inautomarket Open"]
[Site "Minsk BLR"]
[Date "2007.07.11"]
[Round "2"]
[White "Litvinov,Vl"]
[Black "Vysochin,S"]
[Result "0-1"]
[WhiteElo "2326"]
[BlackElo "2518"]

1.d4 d5 2.c4 c6 3.Nc3 Nf6 4.e3 e6 5.Nf3 a6 6.c5 Nbd7 7.Qc2 e5 8.Na4 e4 9.Nd2 Be7
10.Be2 O-O 11.f3 exf3 12.Bxf3 Re8 13.O-O Rb8 14.Nb3 Nf8 15.Nb6 Be6 16.Bd2 N8d7
17.Na4 g6 18.Ba5 Qc8 19.Nd2 Bf5 20.Qb3 Bf8 21.Rae1 Bh6 22.h3 Ne4 23.Nxe4 Bxe4
24.Bxe4 Rxe4 25.Rf3 Re7 26.Nc3 Bg7 27.Qd1 f5 28.Ref1 Bh6 29.Qd3 Nf8 30.Nd1 Ne6
31.h4 Ng7 32.Be1 Qd7 33.Bg3 Rbe8 34.Bd6 Re4 35.g3 Nh5 36.Be5 Bg7 37.Bd6 Nf6
38.Nf2 R4e6 39.Qb3 h5 40.Be5 Ng4 41.Bf4 Qe7 42.Nxg4 hxg4 43.R3f2 Rxe3 44.Bxe3 Qxe3
45.Qxe3 Rxe3 46.h5 Rxg3+ 47.Kh1 Bxd4 48.Rh2 Kh7 49.b4 f4 50.hxg6+ Kxg6 51.Rh4 f3
52.Rh2 Be3 53.Rh8 f2 54.Kh2 Rg1 55.Rxf2 Bxf2 56.Rb8 Bg3+  0-1

[Event "Canadian Open"]
[Site "Ottawa CAN"]
[Date "2007.07.11"]
[Round "6"]
[White "Hua,L"]
[Black "Sandipan,C"]
[Result "0-1"]
[WhiteElo "2323"]
[BlackElo "2563"]

1.d4 d5 2.c4 e6 3.Nc3 c6 4.e3 Nf6 5.Nf3 Nbd7 6.Qc2 Bd6 7.g4 Nxg4 8.Rg1 Qf6
9.Rxg4 Qxf3 10.Rxg7 Nf6 11.Rg1 Bxh2 12.Be2 Qh3 13.Rf1 Ng4 14.e4 Rg8 15.Bxg4 Rxg4
16.cxd5 exd5 17.Be3 Qf3 18.exd5 Bf5 19.Qe2 Qxe2+ 20.Kxe2 O-O-O 21.dxc6 bxc6
22.Rh1 Bf4 23.Rag1 Rxg1 24.Rxg1 Bc7 25.Rg5 Be6 26.f3 Bb6 27.Rh5 Bc4+ 28.Kf2 Bd3
29.Ne4 Bb1 30.Rxh7 Bxa2 31.Nc5 Bd5 32.b4 Bc7 33.Bg5 Re8 34.Rh1 Rg8 35.Rg1 Bh2
36.Rg2 Bd6 37.Bd2 Rxg2+ 38.Kxg2 Kc7 39.Kf2 Kb6 40.Ke3 Kb5 41.f4 Kc4 42.Be1 Bf8
43.Nd3 f5 44.Ne5+ Kb5 45.Nd3 Ba2 46.Nc5 Bb1 47.d5 cxd5 48.Kd4 Be4 49.Nxe4 dxe4
50.Ke5 e3 51.Kxf5 Bxb4  0-1

[Event "XXX Open"]
[Site "Barbera del Valles ESP"]
[Date "2007.07.12"]
[Round "7"]
[White "Teske,H"]
[Black "Corrales Jimenez,F"]
[Result "0-1"]
[WhiteElo "2578"]
[BlackElo "2499"]

1.Nf3 d5 2.d4 Nf6 3.c4 c6 4.Nc3 e6 5.e3 Nbd7 6.Bd3 dxc4 7.Bxc4 b5 8.Bb3 b4
9.Ne2 Ba6 10.O-O Be7 11.Re1 c5 12.Nf4 c4 13.Bc2 Bb7 14.e4 h6 15.d5 e5 16.Ne2 Bc5
17.Ng3 Ng4 18.Re2 Qb6 19.Nh1 h5 20.h3 Ba6 21.Ba4 O-O-O 22.a3 b3 23.Bd2 f5
24.Ng5 f4 25.Rc1 Ngf6 26.Ne6 Kb8 27.Bc6 Rc8 28.Nxf4 exf4 29.Bxf4+ Rc7 30.Ng3 g5
31.Bxg5 Rxc6 32.dxc6 Qxc6 33.e5 Bb7 34.Qf1 h4 35.exf6 hxg3 36.Bf4+ Ka8 37.Bxg3 Nxf6
38.Rxc4 Ba6 39.Rc3 Ne4 40.Rxb3 Nd2 41.Rxd2 Bxf1 42.Kxf1 Re8 43.Rbd3 Bb6 44.Rd1 Qb5
45.b4 Rd8 46.Ke2 Qc4 47.f3 Re8+ 48.Kf1 Re3  0-1

[Event "Kaupthing Open"]
[Site "Differdange LUX"]
[Date "2007.07.12"]
[Round "7"]
[White "Ajrapetjan,Y"]
[Black "Gretarsson,Hj"]
[Result "1/2-1/2"]
[WhiteElo "2387"]
[BlackElo "2168"]

1.d4 d5 2.c4 c6 3.Nf3 Nf6 4.e3 e6 5.Nc3 Nbd7 6.Bd3 dxc4 7.Bxc4 b5 8.Bd3 b4
9.Ne4 Be7 10.Nxf6+ Nxf6 11.Ne5 Bb7 12.Qa4 Qd5 13.O-O O-O 14.Bc4 Qd6 15.Nd3 Nd7
16.Bd2 a5 17.Rfd1 Nb6 18.Qc2 Nxc4 19.Qxc4 Ba6 20.Qc2 Bxd3 21.Qxd3 c5 22.Rac1 Rfd8
23.Rc4 Bf6 24.Qc2 cxd4 25.exd4 e5 26.Rc1 exd4 27.Qd3 Qa6 28.Qf5 Qe6 29.Qxe6 fxe6
30.Rc6 d3 31.b3 a4 32.Rd1 axb3 33.axb3 Ra1 34.Rxa1 Bxa1 35.Kf1 Bc3 36.Ke1 Bd4
37.Bxb4 Bxf2+ 38.Kd2 e5 39.Re6 Bg1 40.Rxe5 Bxh2 41.Re4 g5 42.Bc5 Kf7 43.Rd4 Rxd4
44.Bxd4 h5 45.Kxd3 Ke6 46.Ke4 Bd6 47.Bc3 h4 48.Be1 Be7 49.b4 Bxb4 50.Bxb4 g4
51.Kf4 h3 52.gxh3 gxh3 53.Kg3 h2 54.Kxh2  1/2-1/2

[Event "XXX Open"]
[Site "Barbera del Valles ESP"]
[Date "2007.07.13"]
[Round "8"]
[White "Jankovic,A"]
[Black "Cuartas,Ja"]
[Result "1-0"]
[WhiteElo "2536"]
[BlackElo "2504"]

1.d4 d5 2.c4 c6 3.Nf3 Nf6 4.Nc3 e6 5.e3 Nbd7 6.Bd3 dxc4 7.Bxc4 b5 8.Bd3 Bd6
9.O-O Bb7 10.e4 e5 11.Ne2 O-O 12.Bg5 a6 13.Kh1 c5 14.d5 Be7 15.Qd2 Ne8 16.a4 Bxg5
17.Nxg5 h6 18.Nh3 Nd6 19.f4 f5 20.Ng3 fxe4 21.Bxe4 Nf6 22.Bg6 Nc4 23.Qe2 Nxd5
24.fxe5 Qe7 25.e6 Nd6 26.axb5 axb5 27.Rxa8 Bxa8 28.Rxf8+ Qxf8 29.Nh5 c4 30.Kg1 Qe7
31.Qe5 b4 32.Bf7+  1-0

[Event "Kaupthing Open"]
[Site "Differdange LUX"]
[Date "2007.07.13"]
[Round "8"]
[White "Georgiev,Vl"]
[Black "Vatter,H"]
[Result "1-0"]
[WhiteElo "2567"]
[BlackElo "2319"]

1.d4 d5 2.c4 c6 3.e3 Nf6 4.Nc3 e6 5.Nf3 Nbd7 6.Bd3 Bd6 7.O-O O-O 8.Qc2 dxc4
9.Bxc4 e5 10.Bb3 Qe7 11.h3 Bc7 12.Bd2 Kh8 13.Rfe1 a6 14.e4 Nh5 15.Nd5 cxd5
16.Qxc7 exd4 17.exd5 Qf6 18.Bb4 Rg8 19.Be7 Qg6 20.Rad1 Ndf6 21.Ne5  1-0

[Event "Kaupthing Open"]
[Site "Differdange LUX"]
[Date "2007.07.13"]
[Round "8"]
[White "Stull,N"]
[Black "Haerri,A"]
[Result "1-0"]
[WhiteElo "2134"]
[BlackElo "2000"]

1.d4 d5 2.c4 c6 3.Nc3 Nf6 4.e3 e6 5.Nf3 Nbd7 6.Bd3 dxc4 7.Bxc4 b5 8.Bd3 a6
9.e4 Bb7 10.e5 Nd5 11.Nxd5 cxd5 12.O-O h6 13.Be3 Be7 14.Qd2 Nb6 15.h3 O-O
16.Bxh6  1-0

[Event "Zudov Mem B"]
[Site "Nizhnij Tagil RUS"]
[Date "2007.07.13"]
[Round "7"]
[White "Shestakov,D"]
[Black "Dashibalov,E"]
[Result "1-0"]
[WhiteElo "2335"]
[BlackElo "2287"]

1.d4 d5 2.c4 c6 3.Nc3 Nf6 4.Nf3 e6 5.e3 Nbd7 6.Bd3 dxc4 7.Bxc4 b5 8.Bd3 Bb7
9.O-O a6 10.e4 c5 11.d5 Qc7 12.Ng5 Ne5 13.f4 Nxd3 14.Qxd3 O-O-O 15.Qh3 Kb8
16.dxe6 Bc8 17.e5 b4 18.Ne2 Nd5 19.Nxf7 Qxf7 20.exf7 Bxh3 21.gxh3 g6 22.f5 gxf5
23.Nf4 Nc7 24.Be3 Kb7 25.Rac1 Kc6 26.Rc2 Nd5 27.Ne6 Nxe3 28.Nxd8+ Kd5 29.Re2 Nxf1
30.Rg2  1-0

[Event "Ladoga Summer"]
[Site "Novaya Ladoga RUS"]
[Date "2007.07.13"]
[Round "9"]
[White "Smirnov,Vl2"]
[Black "Shalaev,N"]
[Result "0-1"]
[WhiteElo "2251"]
[BlackElo "2124"]

1.d4 Nf6 2.c4 c6 3.Nc3 d5 4.Nf3 e6 5.e3 Bb4 6.Bd2 O-O 7.Bd3 Nbd7 8.O-O Qe7
9.Re1 e5 10.e4 dxc4 11.Bxc4 exd4 12.Ne2 Bc5 13.Nexd4 Bxd4 14.Nxd4 Qc5 15.e5 Qxc4
16.exf6 Nxf6 17.Nb3 Bg4 18.Qc1 Qd5 19.Bg5 Qf5 20.f3 Bh5 21.Nd4 Qd5 22.Bxf6 gxf6
23.Qf4 Qg5 24.Qxg5+ fxg5 25.Re7 Rfd8 26.Nb3 b6 27.Rae1 Kf8 28.Rc7 Rdc8 29.Ree7 Rxc7
30.Rxc7 c5 31.Kf2 Bg6 32.Nd2 Rd8 33.Ke3 Re8+ 34.Kf2 Bd3 35.Ne4 Bxe4 36.fxe4 Rxe4
37.Rxa7 Rc4 38.b3 Rc2+ 39.Kf3 b5 40.h3 Kg7 41.Ra5 b4 42.Ra6 h5 43.Kg3 f6
44.h4 Rc3+ 45.Kh2 gxh4 46.Ra8 Rc2 47.Kh3 Kg6 48.Kxh4 Kf5 49.Ra5 Ke4 50.Kxh5 Rxg2
51.Rxc5 Rg5+ 52.Rxg5 fxg5 53.Kxg5 Kd3 54.Kf4  0-1

[Event "Open"]
[Site "Banska Stiavnica SVK"]
[Date "2007.07.14"]
[Round "8"]
[White "Mateuta,G"]
[Black "Lipka,J"]
[Result "1/2-1/2"]
[WhiteElo "2487"]
[BlackElo "2431"]

1.d4 d5 2.c4 e6 3.Nc3 c6 4.e3 Nf6 5.Nf3 a6 6.b3 Bb4 7.Bd2 Bd6 8.Qc2 Nbd7
9.e4 dxe4 10.Nxe4 Nxe4 11.Qxe4 c5 12.dxc5 Nxc5 13.Qc2 f5 14.Be2 Nd7  1/2-1/2

[Event "XXX Open"]
[Site "Barbera del Valles ESP"]
[Date "2007.07.14"]
[Round "9"]
[White "Czakon,J"]
[Black "Almeida Toledano,D"]
[Result "1-0"]
[WhiteElo "2505"]
[BlackElo "2254"]

1.d4 d5 2.c4 c6 3.Nc3 Nf6 4.e3 e6 5.Nf3 a6 6.b3 Bb4 7.Bd2 Nbd7 8.Bd3 O-O
9.O-O Bd6 10.Rc1 Qe7 11.Qc2 dxc4 12.bxc4 e5 13.c5 Bc7 14.Bc4 h6 15.Nh4 Re8
16.Ng6 Qd8 17.Qb3 Nd5 18.Nxd5 cxd5 19.Bxd5 Qf6 20.c6 Qxg6  1-0

[Event "Campeonato Continental Absolut"]
[Site "Cali COL"]
[Date "2007.07.14"]
[Round "5"]
[White "Rosales,D"]
[Black "Quinones,Ces"]
[Result "1/2-1/2"]
[WhiteElo "1994"]
[BlackElo "2263"]

1.d4 d5 2.Nf3 Nf6 3.c4 c6 4.e3 e6 5.Nc3 Nbd7 6.Bd3 dxc4 7.Bxc4 b5 8.Bb3 b4
9.Ne2 Bb7 10.O-O Be7 11.Ng3 O-O 12.e4 c5 13.e5 Ne4 14.d5 exd5 15.Bxd5 Bxd5
16.Qxd5 Nxg3 17.hxg3 Nb6 18.Qe4 Qd5 19.Qg4 Rfe8 20.Bf4 Rad8 21.Rfe1 Qe6 22.Qh5 Nd5
23.a3 a5 24.axb4 axb4 25.Ra7 Nxf4 26.gxf4 g6 27.Qh6 Bf8 28.Qh4 h6 29.Rea1 Qb3
30.R1a6 Bg7 31.e6 fxe6 32.Rxg7+ Kxg7 33.Ra7+ Kg8 34.Qxh6 Qd1+ 35.Kh2 Rd7
36.Qxg6+ Kf8 37.Qf6+ Kg8 38.Qg5+ Kf8 39.Qxc5+ Qd6 40.Qxd6+ Rxd6 41.Rb7 Re7
42.Rxb4 Rd5 43.g4 Rd3 44.Kg2 Kg7 45.Rb8 Rdd7 46.Ng5 e5 47.f5 Rb7 48.Rxb7 Rxb7
49.Ne4 Rxb2 50.g5 Rb3 51.f3 Rb1 52.Kg3 Rc1 53.Kg4 Ra1 54.Ng3 Ra4+ 55.Kh5 Rf4
56.f6+ Kg8 57.Ne4 Rxf3 58.g6 Rf4 59.f7+ Kg7 60.Nc5 Rf5+ 61.Kg4 Rf4+ 62.Kg5 Rf6
63.f8=Q+  1/2-1/2

[Event "ch-Montenegro"]
[Site "Cetinje MNE"]
[Date "2007.07.14"]
[Round "4"]
[White "Drasko,M"]
[Black "Nikcevic,N"]
[Result "1-0"]
[WhiteElo "2552"]
[BlackElo "2456"]

1.d4 d5 2.c4 c6 3.e3 Nf6 4.Nc3 e6 5.Nf3 Nbd7 6.Qc2 Bd6 7.b3 O-O 8.Be2 a6
9.O-O e5 10.cxd5 cxd5 11.dxe5 Nxe5 12.Bb2 Be6 13.Rad1 Rc8 14.Qb1 Qa5 15.Qa1 Rfd8
16.Nd4 Bd7 17.h3 Bb8 18.Rc1 Ng6 19.Rfd1 Ne4 20.Nf3 Bc6 21.Bd3 f5 22.Ne2 Qc7
23.Ned4 Ne5 24.Nxe5 Qxe5 25.f4 Qc7 26.Nxf5 Rf8 27.Bxe4 dxe4 28.Be5 Qf7 29.Nd6 Bxd6
30.Rxd6 Bb5 31.Rxc8 Rxc8 32.Qd4 Bc6 33.Kh2 Re8 34.g4 Re6 35.Rxe6 Qxe6 36.Bxg7 h5
37.f5 Qd7 38.Qxd7 Bxd7 39.Bd4  1-0

[Event "22nd North Sea Cup"]
[Site "Esbjerg DEN"]
[Date "2007.07.14"]
[Round "3"]
[White "Andersen,Jack"]
[Black "Nielsen,Po"]
[Result "0-1"]
[WhiteElo "2267"]
[BlackElo "2025"]

1.d4 d5 2.c4 c6 3.Nc3 Nf6 4.Nf3 e6 5.e3 Bd6 6.Qc2 O-O 7.Bd2 Nbd7 8.O-O-O a6
9.e4 dxe4 10.Nxe4 Be7 11.Bd3 Nxe4 12.Bxe4 f5 13.Bd3 b5 14.c5 Nf6 15.Rhe1 Nd5
16.Kb1 Bf6 17.Ne5 Ne7 18.Bc1 Qc7 19.Nf3 h6 20.g3 Nd5 21.Bd2 Bd7 22.h3 Rae8
23.Ne5 Bc8 24.Bf1 Kh7 25.Bg2 Rd8 26.f4 g6 27.h4 h5 28.Nf3 Kg7 29.Re2 Rfe8
30.Re5 Re7 31.Rde1 Rde8 32.Ng5 Qd7 33.Ba5 Nc7 34.Bc3 Nd5 35.Ba5 Nc7 36.Nf3 Nd5
37.a3 Nc7 38.R1e2 Kf7 39.Rd2 Nd5 40.Qd1 Qb7 41.Rde2 Kg7 42.Qe1 Qd7 43.Ng5 Kg8
44.Bxd5 exd5 45.Rxe7 Rxe7 46.Rxe7 Qxe7 47.Qxe7 Bxe7 48.Nf3 Bd7 49.Kc2 Be8
50.Kb3 Kf7 51.Kb4 Ke6 52.Bb6 Kd7 53.Ka5 Kc8 54.Kxa6 Kb8 55.Ka5 Kb7 56.Kb4 Bf6
57.Kc3 Be7 58.b3 Bf6 59.Ne1 Bd7 60.Nd3 Be8 61.a4 Bd7 62.Nb4 Be7 63.axb5 Bf6
64.Ba5 Be7 65.Kd3 Bf6 66.Ke3 Be7 67.bxc6+ Bxc6 68.Nd3 Be8 69.Ne5 Bf6 70.Kd3 Be7
71.Kc3 Bf6 72.b4 Ka6 73.Bc7 Kb5 74.Bd6 Bd8 75.Nf3 Bf7 76.Be5 Be7 77.Kb3 Be6
78.Ng1 Bd7 79.Ne2 Bc6 80.Bg7 Bd8 81.Be5 Be7 82.Nc3+ Ka6 83.b5+ Bxb5 84.Nxd5 Bf8
85.Nc7+ Ka5 86.d5 Bxc5 87.d6 Bd7 88.Kc4 Bf2 89.Bf6 Bc6 90.Nd5 Bxg3 91.Bg5 Bf2
92.Be7  0-1

[Event "Inautomarket Open"]
[Site "Minsk BLR"]
[Date "2007.07.14"]
[Round "5"]
[White "Maiorov,N"]
[Black "Yevseev,D"]
[Result "1-0"]
[WhiteElo "2487"]
[BlackElo "2515"]

1.d4 d5 2.c4 e6 3.Nf3 Nf6 4.Nc3 c6 5.e3 Nbd7 6.Qc2 Bd6 7.b3 O-O 8.Be2 dxc4
9.bxc4 e5 10.O-O Re8 11.Rd1 exd4 12.exd4 Nf8 13.h3 Ng6 14.Bf1 Qc7 15.Bg5 Nh5
16.Re1 Bd7 17.c5 Bf8 18.Be3 Nf6 19.Ng5 h6 20.Bc4 Nh8 21.Nf3 Be6 22.Bd3 Ng6
23.Bxg6 fxg6 24.Qxg6 Bf7 25.Qc2 Nd5 26.Ne5 Be6 27.Nxd5 Bxd5 28.Bf4 b6 29.Ng6 Qf7
30.Bd6 Bxd6 31.cxd6 Re6 32.Ne7+ Kh8 33.Nxd5 cxd5 34.Rxe6 Qxe6 35.Qc7 Rf8
36.d7 Qf6 37.Kh1 Qxd4 38.Re1  1-0

[Event "FSGM July"]
[Site "Budapest HUN"]
[Date "2007.07.15"]
[Round "9"]
[White "Ilincic,Z"]
[Black "Fogarasi,T"]
[Result "1/2-1/2"]
[WhiteElo "2509"]
[BlackElo "2425"]

1.d4 d5 2.c4 c6 3.Nf3 Nf6 4.Nc3 e6 5.e3 Nbd7 6.Bd3 Be7 7.O-O O-O 8.e4 dxe4
9.Nxe4 Nxe4 10.Bxe4 Nf6 11.Bc2 b6 12.Ne5 Bb7  1/2-1/2

[Event "Campeonato Continental Absolut"]
[Site "Cali COL"]
[Date "2007.07.15"]
[Round "6"]
[White "Buitrago,J"]
[Black "Martinez,Jilia"]
[Result "1-0"]
[WhiteElo "2160"]
[BlackElo "2251"]

1.d4 d5 2.c4 c6 3.Nc3 Nf6 4.e3 e6 5.Nf3 Nbd7 6.Bd3 dxc4 7.Bxc4 b5 8.Bd3 a6
9.e4 Bb7 10.e5 Nd5 11.Nxd5 cxd5 12.Ng5 Bb4+ 13.Kf1 h6 14.Qh5 O-O 15.Nh7 Re8
16.h4 f5 17.Bxh6 gxh6 18.Qg6+ Kh8 19.Qxh6 Kg8 20.Qg6+ Kh8 21.Qh6 Kg8 22.Rh3 f4  1-0

[Event "ch-SCO"]
[Site "Cumbernauld SCO"]
[Date "2007.07.15"]
[Round "9"]
[White "Muir,A"]
[Black "Bryson,D"]
[Result "1/2-1/2"]
[WhiteElo "2350"]
[BlackElo "2352"]

1.d4 d5 2.c4 e6 3.Nc3 c6 4.Nf3 Nf6 5.e3 Nbd7 6.Bd3 dxc4 7.Bxc4 b5 8.Bd3 Bb7
9.e4 b4 10.Na4 c5 11.e5 Nd5 12.O-O cxd4 13.Re1 g6 14.Bg5 Qa5 15.Nd2 Ba6 16.Nc4 Bxc4
17.Bxc4 Bg7 18.Qxd4 Qxa4 19.Bxd5 exd5 20.Qxd5 Nb6 21.Qd6 Qd7 22.Qxb4 Bf8
23.Qh4 Be7 24.Bf6 h6 25.e6 fxe6 26.Rad1 Nd5 27.Bxe7 Qxe7 28.Qe4 Rd8 29.Qxg6+ Kd7
30.Rxd5+ exd5 31.Qf5+ Ke8 32.Rxe7+ Kxe7 33.Qe5+ Kf7 34.Qf5+ Ke7 35.Qe5+ Kf7
36.Qf5+  1/2-1/2

[Event "22nd North Sea Cup"]
[Site "Esbjerg DEN"]
[Date "2007.07.15"]
[Round "5"]
[White "Ovsejevitsch,S"]
[Black "Brinck Claussen,B"]
[Result "1-0"]
[WhiteElo "2568"]
[BlackElo "2323"]

1.Nf3 Nf6 2.c4 c6 3.Nc3 d5 4.e3 e6 5.d4 Nbd7 6.Qc2 Bd6 7.Bd2 O-O 8.O-O-O b5
9.e4 e5 10.exd5 b4 11.dxc6 bxc3 12.Bxc3 exd4 13.Bxd4 Bf4+ 14.Be3 Bxe3+ 15.fxe3 Qa5
16.cxd7 Bxd7 17.Kb1 Ba4 18.b3 Rab8 19.Bd3 Rfc8 20.Qd2 Qc5 21.Nd4 Rb6 22.Rhf1 Bd7
23.Bf5 g6 24.Bxd7 Nxd7 25.Nf5 gxf5 26.Qxd7 Qxc4 27.Qd3 Qxd3+ 28.Rxd3 Rc5
29.g3 Re6 30.Kb2 Rce5 31.Rf3 a5 32.a4 Kg7 33.Kc2 Kg6 34.Kd2 Rc6 35.Rf4 Rec5
36.Ke2 Rc2+ 37.Rd2 R2c3 38.Rd5 Rxb3 39.Rdxf5 f6 40.Kf3 Re6 41.Kg4 Rbxe3 42.Rxa5 R6e4
43.h4 Rxf4+ 44.gxf4 Re4 45.h5+ Kh6 46.Ra6 Kg7 47.Ra7+ Kh6 48.Ra6 Kg7 49.a5 Ra4
50.Kf5 Kh6 51.Rxf6+ Kxh5 52.Ra6 Kh4 53.Ke5  1-0

[Event "Canadian Open"]
[Site "Ottawa CAN"]
[Date "2007.07.15"]
[Round "10"]
[White "Mikhalevski,V"]
[Black "Voloaca,M"]
[Result "1-0"]
[WhiteElo "2598"]
[BlackElo "2228"]

1.d4 d5 2.c4 c6 3.Nf3 Nf6 4.Nc3 e6 5.e3 Nbd7 6.Qc2 Bd6 7.g4 Bb4 8.Bd2 Qe7
9.Rg1 Bxc3 10.Bxc3 Ne4 11.O-O-O Nxc3 12.Qxc3 O-O 13.g5 b6 14.cxd5 cxd5 15.Kb1 a5
16.Rc1 e5 17.Qc7 exd4 18.Nxd4 Qe4+ 19.Ka1 a4 20.Bg2 Qh4 21.Bxd5 Ra5 22.Nf5 Qxf2
23.Rcf1 Rc5 24.Qd6 Qc2 25.a3 Rb5 26.Rg2 Qc5 27.Qg3 g6 28.e4 Kh8 29.Nd6 Rb3
30.Bxb3 Ba6 31.Rc2 Qd4 32.Bc4  1-0

[Event "Canadian Open"]
[Site "Ottawa CAN"]
[Date "2007.07.15"]
[Round "10"]
[White "Miton,K"]
[Black "Sandipan,C"]
[Result "1/2-1/2"]
[WhiteElo "2648"]
[BlackElo "2563"]

1.d4 d5 2.c4 e6 3.Nc3 c6 4.e3 Nf6 5.Nf3 Nbd7 6.Qc2 Bd6 7.b3 O-O 8.Be2 b6
9.O-O Bb7 10.Bb2 Qe7 11.Rad1 Rad8 12.Rfe1 Rfe8 13.e4 Nxe4 14.Nxe4 dxe4 15.Qxe4 Nf6
16.Qc2 Bb4 17.Rf1 Ba3 18.Rd3 Bxb2 19.Qxb2 c5 20.Rfd1 Rd6 21.dxc5 Rxd3 22.Rxd3 Qxc5
23.Ne5 Be4 24.Rd1 Ba8 25.b4 Qe7 26.Qd2 Rc8 27.a3 Kf8 28.Qd4 Bc6 29.Rd3 Be4
30.Rd2 Bc6 31.Bd1 Be8 32.Bf3 Qc7 33.Qf4 Qe7 34.Qd4 Qc7 35.h4 Ke7 36.Qf4 Ng8
37.Bc6 f6 38.Bd7 fxe5 39.Qg5+  1/2-1/2

[Event "Campeonato Continental Absolut"]
[Site "Cali COL"]
[Date "2007.07.16"]
[Round "7"]
[White "Saladen,R"]
[Black "Jukemura,L"]
[Result "0-1"]
[WhiteElo "2190"]
[BlackElo "2025"]

1.Nf3 d5 2.c4 c6 3.d4 Nf6 4.Nc3 e6 5.e3 Nbd7 6.Qc2 Bd6 7.g4 Nxg4 8.Rg1 f5
9.cxd5 cxd5 10.h3 Ngf6 11.Rxg7 Ne4 12.Bb5 Qf6 13.Rg1 a6 14.Be2 b6 15.Bd2 Bb7
16.Nxe4 fxe4 17.Ne5 Nxe5 18.dxe5 Bxe5 19.Bh5+ Kd7 20.Qb3 Rhf8 21.Rg2 Bc6
22.O-O-O Bb5 23.Bc3 Bxc3 24.bxc3 Rac8 25.Kb2 Rc5 26.a4 Rfc8 27.Rd4 Bf1 28.Rh2 b5
29.Bg4 Bc4 30.Qd1 bxa4 31.Qxa4+ Rb5+ 32.Ka1 Rc6 33.f3 Qh4 34.Rd1 Bb3 35.Qd4 Bxd1
36.Qxd1 Qf6 37.Qd4 Qxd4 38.cxd4 Rc1+ 39.Ka2 Rc4 40.Ka3 Rc3+ 41.Ka4 Rxe3 42.f4 Rd3
43.f5 Rxd4+ 44.Ka3 exf5 45.Bxf5+ Kd6 46.Bxh7 Rd1 47.Ka2 e3 48.h4 Rd2+ 49.Rxd2 exd2
50.Bc2 Rc5 51.Kb2 d4 52.h5 Rxh5 53.Bd1 Rc5  0-1

[Event "Open"]
[Site "Ghent BEL"]
[Date "2007.07.16"]
[Round "6"]
[White "De Jong,JW"]
[Black "Heemskerk,W"]
[Result "1/2-1/2"]
[WhiteElo "2430"]
[BlackElo "2237"]

1.d4 d5 2.c4 c6 3.Nc3 Nf6 4.e3 e6 5.Nf3 a6 6.b3 Bb4 7.Bd2 O-O 8.Bd3 Nbd7
9.O-O Bd6 10.e4 dxc4 11.bxc4 e5 12.c5 Bc7 13.h3 h6 14.Rb1 Qe7 15.Na4 exd4
16.Qc2 Rd8 17.Rfe1 Nf8 18.Qc1 N6d7 19.Rb4 Ne6 20.Rc4 Qf6 21.Nb2  1/2-1/2

[Event "Heart of Finland"]
[Site "Jyvaskyla FIN"]
[Date "2007.07.16"]
[Round "2"]
[White "Jantti,P"]
[Black "Malakhatko,V"]
[Result "0-1"]
[WhiteElo "2118"]
[BlackElo "2596"]

1.d4 Nf6 2.Nf3 e6 3.c4 d5 4.Nc3 c6 5.e3 a6 6.cxd5 exd5 7.Ne5 Bd6 8.Bd3 O-O
9.O-O c5 10.f4 Nc6 11.Kh1 Ne7 12.a3 b5 13.Bd2 Bb7 14.Be1 cxd4 15.exd4 Ne4
16.Qh5 f6 17.Ng4 Qe8 18.Qh3 Nf5 19.Rd1 Rd8 20.Bc2 Bb8 21.Bb3 Kh8 22.Nxe4 dxe4
23.Bb4 Bd6 24.Bc3 Bc8 25.Ba5 e3 26.Bxd8 e2 27.Ba5 Nh6 28.f5 Bxf5  0-1

[Event "Campeonato Continental Absolut"]
[Site "Cali COL"]
[Date "2007.07.17"]
[Round "8"]
[White "Vittorino,C"]
[Black "Prasca,R"]
[Result "0-1"]
[WhiteElo "2228"]
[BlackElo "2426"]

1.d4 d5 2.c4 e6 3.Nc3 c6 4.e3 Nf6 5.Nf3 Nbd7 6.Qc2 Bd6 7.Be2 O-O 8.O-O Re8
9.Rd1 Qe7 10.a3 Bb8 11.h3 a6 12.b3 dxc4 13.bxc4 e5 14.Bb2 e4 15.Nd2 Nf8 16.Nf1 Ng6
17.Na4 Bc7 18.Qb3 Bxh3 19.gxh3 Qe6 20.f4 Qxh3 21.Qc3 Nh4 22.Kf2 Bxf4 23.Ke1 Bxe3
24.Nxe3 Nf3+ 25.Bxf3 exf3 26.Nc5 Qg2 27.Rd3 Qe2+  0-1

[Event "XXII Tadeusz Gniota Mem"]
[Site "Police POL"]
[Date "2007.07.17"]
[Round "7"]
[White "Figura,A"]
[Black "Krysztofiak,M"]
[Result "1/2-1/2"]
[WhiteElo "2413"]
[BlackElo "2414"]

1.d4 d5 2.c4 c6 3.Nc3 Nf6 4.e3 e6 5.Nf3 Nbd7 6.Qc2 Bd6 7.g4 h6 8.Rg1 e5 9.cxd5 cxd5
10.Nb5 Bb8 11.Bd2 O-O 12.g5 hxg5 13.Nxg5 a6 14.Nc3 Qc7 15.Qf5 Nb6 16.Qxf6 gxf6
17.Ne6+ Kh8 18.Nxc7 Bxc7 19.a4 Be6 20.a5 Nc4 21.Bxc4 dxc4 22.d5 Bd7 23.Ne4 Rg8
24.O-O-O Bg4 25.Nxf6 Bxd1 26.Nxg8 Bh5 27.Nf6 Bg6 28.Bb4 Kg7 29.Nh5+ Kh7 30.Nf6+ Kg7
31.Ng4 Rd8 32.d6 Bxd6 33.Bxd6 Rxd6 34.Nxe5 c3 35.bxc3 Rd5 36.Nxg6 fxg6 37.Rd1 Rxa5
38.Rd7+ Kh6 39.Rxb7 Rh5 40.Rb2 Rxh2 41.Rd2 Kg7 42.Kc2 Kf7 43.f4 Rh3 44.Kd3 Rh8
45.c4 Rd8+ 46.Kc3 Re8 47.Rd3 Re4 48.Kb4 Ke7 49.Kc5 Re6 50.Rb3 Kd7 51.Rb7+ Kc8
52.Rb6 Rxe3 53.Rxg6 a5 54.f5 a4 55.Kc6 Kd8 56.Rg8+ Ke7 57.Ra8 a3 58.c5 Kf6
59.Kd6 Rd3+ 60.Kc7 Kxf5 61.c6 Rc3 62.Kd7 Rd3+ 63.Kc8 Ke6 64.c7 Ke7 65.Ra6 Rc3
66.Ra4 Kd6 67.Kd8 Rxc7 68.Rxa3  1/2-1/2